Hindu: badukina samraddha adakalu (Record no. 120288)
[ view plain ]
| 000 -LEADER | |
|---|---|
| fixed length control field | 05162nam a2200241Ia 4500 |
| 003 - CONTROL NUMBER IDENTIFIER | |
| control field | OSt |
| 005 - DATE AND TIME OF LATEST TRANSACTION | |
| control field | 20251110161213.0 |
| 008 - FIXED-LENGTH DATA ELEMENTS--GENERAL INFORMATION | |
| fixed length control field | 210210b2016 xxu||||| |||| 00| 0 eng d |
| 020 ## - INTERNATIONAL STANDARD BOOK NUMBER | |
| International Standard Book Number | 9788184676549 |
| 040 ## - CATALOGING SOURCE | |
| Transcribing agency | AL |
| 041 ## - LANGUAGE CODE | |
| Language code of text/sound track or separate title | Kannada |
| 082 ## - DEWEY DECIMAL CLASSIFICATION NUMBER | |
| Classification number | K894.3 BHAH |
| 100 ## - MAIN ENTRY--PERSONAL NAME | |
| Personal name | BHALACHANDRA NEMADE |
| Dates associated with a name | ಬಾಲಚಂದ್ರ ನೇಮಾಡೆ |
| 9 (RLIN) | 244830 |
| 245 ## - TITLE STATEMENT | |
| Title | Hindu: badukina samraddha adakalu |
| Remainder of title | ಹಿಂದೂ: ಬದುಕಿನ ಸಮೃದ್ಧ ಅಡಕಲು |
| 260 ## - PUBLICATION, DISTRIBUTION, ETC. | |
| Place of publication, distribution, etc. | Bengaluru |
| Name of publisher, distributor, etc. | Navakaranataka Prakashana |
| Date of publication, distribution, etc. | 2016 |
| 300 ## - PHYSICAL DESCRIPTION | |
| Extent | 608 |
| 520 ## - SUMMARY, ETC. | |
| Summary, etc. | ತಿಯೊಬ್ಬ ಮನುಷ್ಯನ ಬದುಕಿನ ಸಂಕೀರ್ಣತೆಗೆ ಕಾರಣವಾಗುವ ಸಾಧ್ಯತೆಗಳನ್ನು ಹೊಂದಿರುವ ವಾಂಶಿಕ ಸೂಕ್ಷ್ಮ ವಿವರಗಳನ್ನು ಹಲವು ತಲೆಮಾರುಗಳು ಬದುಕಿದ ರೀತಿಯ ಮೂಲಕ, ಅವುಗಳ ಮೇಲೆ ಪ್ರಭಾವ ಬೀರಿರಬಹುದಾದ ಬಾಹ್ಯ ಸುತ್ತಮುತ್ತಲಿನ ಪರಿಸರದಲ್ಲಿ ನಡೆಯತಕ್ಕಂತಹ ಸಾಮಾಜಿಕ, ಆರ್ಥಿಕ ಸ್ಥಿತ್ಯಂತರಗಳ ಮೂಲಕ ಪರಿಶೋಧಿಸುವ ದಿಟ್ಟ ಪ್ರಯತ್ನವನ್ನು ನಡೆಸುವ ಮಹಾಕಾದಂಬರಿ ಶ್ರೀ ಭಾಲಚಂದ್ರ ನೆಮಾಡೆಯವರ “ಹಿಂದೂ”.<br/><br/>ಸಾಮಾನ್ಯ ತಿಳಿವಳಿಕೆಯಲ್ಲಿರುವ "ಹಿಂದೂ" ಪದದ ರೂಢಿಗತ ಅರ್ಥಕ್ಕೆ ಭಿನ್ನ ನೆಲೆಯಿಂದ ಐದು ಸಾವಿರ ವರ್ಷಗಳ ಪರಂಪರೆಯನ್ನು ಹೊಂದಿರು ವಂತಹ ಅನನ್ಯ ಸಂಸ್ಕೃತಿಯೊಂದನ್ನು ವ್ಯಾಪಕ ಅರ್ಥದಲ್ಲಿ ಹಿಂದೂವೆಂದು ಗುರುತಿಸಿಕೊಂಡು ಅದರ ಕ್ರಮಾಗತ ಅವನತಿಗೆ ಕಾರಣವಾದ ಹಿನ್ನೆಲೆಯನ್ನು ಈ ಕಾದಂಬರಿ ಪ್ರಸ್ತುತಪಡಿಸುತ್ತದೆ. ಈ ಉತ್ಪನನದ ಪ್ರಕ್ರಿಯೆ ಆರ್ಯರ ಮೂಲಸ್ಥಾನವೆಂದು ಪರಿಗಣಿತವಾಗಿರುವ ಮೊಹೆಂಜದಾರೋದಲ್ಲಿ ಪ್ರಾರಂಭವಾಗಿ ಕಾದಂಬರಿ ನಾಯಕ ಪುರಾತತ್ವತಜ್ಞ ಖಂಡೇರಾವ್ನ ಸ್ಪತಿಪಟಲದಲ್ಲಿ ಅವನ ತಂದೆಯ ಅವಸಾನ ಕಾಲದ ಕರೆಯಿಂದ ಅವನ ಸ್ವಂತ ಊರು ಮೋರಗಾಂವಿನ ಸುಮಾರು ಏಳು ತಲೆಮಾರುಗಳ ಇತಿಹಾಸ ಮರುಕಳಿಸುವುದರೊಂದಿಗೆ ಮುಂದುವರಿಯುತ್ತದೆ. ಇದುವೇ ಈ ಕಾದಂಬರಿಯ ಮೂಲದ್ರವ್ಯ. ಮೊಹೆಂಜದಾರೋವಿನಿಂದ ಮೋರಗಾಂವಿಗೆ ಹಿಂತಿರುಗುವ ಖಂಡೇರಾವ್ನ ಮರುಪ್ರಯಾಣದಲ್ಲಿ ಮೋರಗಾಂವಿನ ಮೂಲವಾಸಿಗಳ, ಅಲೆಮಾರಿಗಳ, ವಲಸಿಗರ ಹಾಗೂ ಇಲ್ಲಿಂದ ಗುಳೇ ಹೋದವರ ಸಮಗ್ರ ಬದುಕು, ಅದರ ಏಳು-ಬೀಳುಗಳು, ವಿಕಾಸ-ನಾಶಗಳು, ಬದಲಾವಣೆ-ಪರಿವರ್ತನೆಗಳೊಂದಿಗೆ ಅನಾವರಣಗೊಳ್ಳುತ್ತಾ ಹೋಗುತ್ತದೆ....<br/><br/>ಇಲ್ಲಿ ಕಾದಂಬರಿಕಾರನಿಗೆ ವಸ್ತುಸ್ಥಿತಿಯನ್ನು ಅದರ ಎಲ್ಲಾ ಆಯಾಮ ಗಳೊಂದಿಗೆ- ಅದು ಜೀವವಿರೋಧಿಯಾಗಲೀ, ಜೀವಪರವಾಗಿರಲೀ ಅನಾವರಣಗೊಳಿಸುವ ಕರ್ತವ್ಯದೊಂದಿಗೆ ಭವಿಷ್ಯದ ಕುರಿತು ಆಶಾವಾದವನ್ನು ವ್ಯಕ್ತಪಡಿಸುವ ಜವಾಬ್ದಾರಿಯೂ ಸೇರಿಕೊಂಡಿರುವುದು ಇತ್ಯಾತ್ಮಕ ಅಂಶವಾಗಿದೆ...<br/><br/>"ಹಿಂದೂ" ಒಂದು ಸಾಹಿತ್ಯಕೃತಿ ಮಾತ್ರವಲ್ಲ ಮನುಷ್ಯನ ಬದುಕಿನ ವಾಸ್ತವಕ್ಕೆ ಬರೆದ ಭಾಷ್ಯವಾಗಿದೆ. ಬದುಕಿನ ಸಮೃದ್ಧತೆಗೆ ಮಾರಕವಾಗಿ ಪರಿಣಮಿಸಿದ ಅಂಶಗಳ ಕುರಿತು ಪ್ರತಿಯೊಬ್ಬರೂ ಗಮನಹರಿಸಲೇಬೇಕಾದ ಎಚ್ಚರಿಕೆಯ ಗಂಟೆಯಾಗಿದೆ. ಇಂತಹ ಒಂದು ಉತ್ಕೃಷ್ಟ ಕೃತಿ ಕನ್ನಡಕ್ಕೆ ಸಂದ ಅನುಪಮ ಕೊಡುಗೆಯಾಗಿದೆ... |
| 650 ## - SUBJECT ADDED ENTRY--TOPICAL TERM | |
| Topical term or geographic name entry element | ೨೦೧೪ ರ ೫೦ನೇ ಜ್ಞಾನಪೀಠ ಪ್ರಶಸ್ತಿ ಪಡೆದ ಮರಾಠಿ ಕೃತಿ 'ಹಿಂದೂ’ ವಿನ ಕನ್ನಡ ಭಾಷಾಂತರ |
| 9 (RLIN) | 244841 |
| 690 ## - LOCAL SUBJECT ADDED ENTRY--TOPICAL TERM (OCLC, RLIN) | |
| Topical term or geographic name as entry element | Kannada Fiction |
| 9 (RLIN) | 244839 |
| 700 ## - ADDED ENTRY--PERSONAL NAME | |
| Personal name | Chandrakanta pokale |
| Dates associated with a name | ಚಂದ್ರಕಾಂತ ಪೋಕಳೆ tr |
| 9 (RLIN) | 244840 |
| 906 ## - LOCAL DATA ELEMENT F, LDF (RLIN) | |
| a | 070875 |
| 942 ## - ADDED ENTRY ELEMENTS (KOHA) | |
| Source of classification or shelving scheme | Dewey Decimal Classification |
| Koha item type | Book |
| Withdrawn status | Lost status | Source of classification or shelving scheme | Damaged status | Not for loan | Collection code | Home library | Current library | Shelving location | Date acquired | Source of acquisition | Cost, normal purchase price | Total Checkouts | Full call number | Barcode | Date last seen | Price effective from | Koha item type |
|---|---|---|---|---|---|---|---|---|---|---|---|---|---|---|---|---|---|
| Dewey Decimal Classification | Kannada | St Aloysius Library | St Aloysius Library | 02/17/2021 | Navakarnataka Publication Pvt Ltd Mangalore | 390.00 | K894.3 BHAH | 070875 | 02/17/2021 | 02/17/2021 | Book |